Estadísticas para Logos de cervezas mexicanas

Haz click aquí para intentar la prueba.

Estadísticas generales

  • Esta prueba ha sido intentada 23 veces
  • La puntuación promedio es 8 de 12

Estadísticas de respuestas

Respuesta% Correcto
Corona
95%
Pacífico
79%
Tecate
79%
Dos Equis
74%
Indio
74%
Sol
74%
Victoria
74%
Modelo
68%
Barrilito
58%
Carta Blanca
53%
Bohemia
32%
Montejo
5%

Distribución de puntuación

Porcentaje por número respondido

Porcentaje de gente con cada puntuación

Historial de tus puntuaciones

No has intentado esta prueba.